000 00371pab a2200157 454500
008 180718b2004 xxu||||| |||| 00| 0 eng d
100 _aGornostaeva, Maria
245 _aArt, self and society (review essay)
260 _c2004
300 _ap.91-102.
362 _aJan
650 _aArt
650 _aSociology of art
773 _aCurrent Sociology
909 _a59532
999 _c59532
_d59532